000 00615nam a22002057a 4500
005 20251108170046.0
008 250721s1994 xx 000 0 ara d
020 _a9772700816
082 1 4 _aط/ق
100 1 _aعمارة، حمدي
245 1 0 _aثورة العصفور /
264 1 _aالقاهرة :
_bالدار المصرية اللبنانية،
_c1994.
300 _a15ص : مص
490 0 _aأصدقائي
650 1 7 _aالقصص العربية
653 _a(سنوات 9-6) أطفال مرحلة متوسطة
700 1 _aبدران، منال
_eCart.
942 _2ddc
_cBK
999 _c38640
_d38640